00885ngm a2200217 a 450000500170000000800410001708200180005824500740007625000190015030000620016949000140023150001240024565000690036965000430043870000210048126400420050233600270054433700330057133800280060404000350063220220317001253.0160825s1986 ck a g 000 0 spa 04a791.433bM14n10aNiños de Colombiacdirección de Consuelo Cepedahvideograbación a1a. edición  a1 videocasete en VHS (75 minutos)bsonido, color c20 cm  aLa maleta aLa película pertenece a la colección La Maleta. Dirigida para un público infantil. Película en dibujos animados142LEMBaPelículas cinematográficas colombianas vVideocasetes 142LEMBaCine para niñosvVideocasetes 1 aCepeda, Consuelo aBogotábMinisterio de Culturac1986 atextobtxt2rdacontent asin mediaciónbn2rdamedia avolumenbnc2rdacarrier aCO-BoRNBPbspaerdacCO-BoRNBP